Polskie skoki narciarskie według zdjęcia #2 - Statystyki

Ogólne statystyki
  • Ten quiz został rozwiązany 3 051 razy
    7 od ostatniego zresetowania
  • Średni wynik to 12 z 16
Statystyki odpowiedzi
Obrazkowy Hint Odpowiedź % Poprawnych
Skoczek narciarski Adam Małysz
100%
Sponsor techiczny Blachotrapez
100%
Skoczek narciarski Kacper Tomasiak
100%
Skoczek narciarski Maciej Kot
100%
Skoczek narciarski Piotr Żyła
100%
Trener Łukasz Kruczek
86%
Trener i skoczek Maciej Maciusiak
86%
Skocznia narciarska Wisła Malinka
86%
Gra wideo Deluxe Ski Jumping
71%
Skoczek narciarski Paweł Wąsek
71%
Skoczek narciarski Stefan Hula
71%
Amatorska skocznia narciarska Bogdanówka
57%
Kompleks skoczni Skalite Szczyrk
57%
Klub narciarski KS Eve-nement Zakopane
43%
ZIO z pierwszym złotym medalem dla Polski w skokach narciarskich Sapporo 1972
43%
Jedna z "polskich" skoczni za granicą. Titisee-Neustadt
29%
Nie znaleziono quizów pasujących do podanych kryteriów
Rozkład punktacji
Procent ludzi z każdym wynikiem
Percentyl według liczby udzielonych odpowiedzi
Twoja historia wyników
Nie rozwiązałeś tego quizu od ostatniego zresetowania